Автоматизация и дистанционное управление на нефтяных промыслах США: обзор зарубежной литературы

Bibliographic Details
Corporate Author: Всесоюзный научно-исследовательский институт организации, управления и экономики нефтегазовой промышленности
Other Authors: Никишина Л. А. (составитель)
Language:Russian
Published: Москва, ВНИИОЭНГ, 1966
Series:Добыча
Subjects:
Format: Book
KOHA link:https://koha.lib.tpu.ru/cgi-bin/koha/opac-detail.pl?biblionumber=91916

MARC

LEADER 00000nam0a2200000 4500
001 91916
005 20231101213811.0
035 |a (RuTPU)RU\TPU\book\98508 
090 |a 91916 
100 |a 20060303d1966 m y0rusy50 ca 
101 0 |a rus 
102 |a RU 
105 |a a z 001zy 
200 1 |a Автоматизация и дистанционное управление на нефтяных промыслах США  |e обзор зарубежной литературы  |f Всесоюзный научно-исследовательский институт организации, управления и экономики нефтегазовой промышленности; сост. Л. А. Никишина 
210 |a Москва  |c ВНИИОЭНГ  |d 1966 
215 |a 36 с.  |c ил. 
225 1 |a Добыча 
320 |a Библиогр.: с. 35 
610 1 |a нефтяные промыслы 
610 1 |a автоматизация 
610 1 |a дистанционное управление 
610 1 |a США 
675 |a 622.323  |v 3 
702 1 |a Никишина  |b Л. А.  |4 220 
712 0 2 |a Всесоюзный научно-исследовательский институт организации, управления и экономики нефтегазовой промышленности  |2 stltpush  |3 (RuTPU)RU\TPU\col\7962  |9 24439 
801 1 |a RU  |b 63413507  |c 20060303  |g PSBO 
801 2 |a RU  |b 63413507  |c 20060317  |g PSBO 
942 |c BK